| 000 | 00669nam a2200229Ia 4500 | ||
|---|---|---|---|
| 003 | OSt | ||
| 005 | 20221005043709.0 | ||
| 006 | a|||||r|||| 00| 0 | ||
| 007 | ta | ||
| 008 | 221004b |||||||| |||| 00| 0 eng d | ||
| 024 | _a55535 | ||
| 037 | _cTextual | ||
| 040 |
_aCRL _cCRL _beng |
||
| 041 |
_2eng _aeng |
||
| 082 | _aL62:4261x, N9 | ||
| 245 | 0 |
_aKala-azar _b Proceedings of fifth round table conference held at New Delhi. Ed by Dr. Sushma Gupta and Dr. O P Sood |
|
| 260 |
_aGurgaon _bRanbaxy Science Foundation _c1999 |
||
| 300 |
_a140p. _ccm. |
||
| 650 | _aMEDICINE | ||
| 942 |
_hL62:4261x, N9 _cTEXL _2cc |
||
| 999 |
_c952273 _d952273 |
||